Οι μεγάλοι κατακτηταί

Αποθηκεύτηκε σε:
Λεπτομέρειες βιβλιογραφικής εγγραφής
Άλλοι συγγραφείς: Δασκαλάκης, Απόστολος Β., 1900-1982 (Επιμελητής έκδοσης), Πετρίδης, Μιχάλης Ι. (Επιμελητής έκδοσης)
Μορφή: Βιβλίο
Γλώσσα:Greek
Δημοσίευση: Αθήνα : Εκδόσεις "Πάνθεον", c1960
Σειρά:Βιβλιοθήκη Βιογραφιών
Θέματα:
Ετικέτες: Προσθήκη ετικέτας
Δεν υπάρχουν, Καταχωρήστε ετικέτα πρώτοι!

MARC

LEADER 00000cam a2200000 i 4500
001 1/44351
008 961108s1960 gr | ||| |||| ||gre||
035 |l 10025952 
040 |a GR-MY-UA  |b gre  |e aacr 
041 0 |a gre 
082 0 |a 920 
245 1 3 |a Οι μεγάλοι κατακτηταί /  |c επιμέλεια: Απόστολος Β. Δασκαλάκης, Μιχ. Γ. Πετρίδης 
260 |a Αθήνα :   |b Εκδόσεις "Πάνθεον",   |c c1960 
300 |a 574 σ. 
490 1 |a Βιβλιοθήκη Βιογραφιών 
500 |a Οι μεγάλοι άνδρες της ανθρωπότητας, Σειρά 9η 
650 0 0 |a Biography. 
700 1 |a Δασκαλάκης, Απόστολος Β.,   |d 1900-1982.  |4 edt 
700 1 |a Πετρίδης, Μιχάλης Ι.  |4 edt 
830 0 |a Βιβλιοθήκη Βιογραφιών 
852 |a INST  |b CHIOS  |e 19961108  |h 920 ΔΑΣ  |p 005200011497  |q 005200011497  |t BK  |y 0 
909 |a Χ  |b 047840